To sir, with love (Record no. 77517)
[ view plain ]
| 000 -LEADER | |
|---|---|
| fixed length control field | 01043cab a2200193 4500 |
| 001 - CONTROL NUMBER | |
| control field | ##L134424 |
| 008 - FIXED-LENGTH DATA ELEMENTS--GENERAL INFORMATION | |
| fixed length control field | 060804n2006 000 0 eng u |
| 035 ## - SYSTEM CONTROL NUMBER | |
| System control number | (Sirsi) u134424 |
| 041 0# - LANGUAGE CODE | |
| Language code of text/sound track or separate title | eng |
| 100 1# - MAIN ENTRY--PERSONAL NAME | |
| Personal name | Spring, Martin |
| 245 00 - TITLE STATEMENT | |
| Title | To sir, with love |
| 260 ## - PUBLICATION, DISTRIBUTION, ETC. | |
| Date of publication, distribution, etc. | 2006 |
| 490 #0 - SERIES STATEMENT | |
| Series statement | Building |
| Volume/sequential designation | 271(8441) 28 July 2006, 40-43(4) |
| 520 ## - SUMMARY, ETC. | |
| Summary, etc. | Reports on the design of four new schools in Bristol which are among the first to be commissioned under the government's Building Schools for the Future (BSF) programme. Three of the four schools feature a triangular deep-plan classroom block with rounded apex, known as the strawberry, which allows classrooms to be easily reconfigured at a later date if required. A different configuration has been adopted for the fourth school, located in an inner city area which is not suitable for the strawberry plan. A second article looks at CABE's analysis of the first BSF projects. |
| 590 ## - LOCAL NOTE (RLIN) | |
| Local note | IKA010806 |
| 651 #4 - SUBJECT ADDED ENTRY--GEOGRAPHIC NAME | |
| Geographic name | BRISTOL |
| 690 ## - LOCAL SUBJECT ADDED ENTRY--TOPICAL TERM (OCLC, RLIN) | |
| Topical term or geographic name as entry element | BUILT ENVIRONMENT-CONSTRUCTION DESIGN |
| 942 ## - ADDED ENTRY ELEMENTS (KOHA) | |
| Suppress in OPAC | 0 |
| Withdrawn status | Lost status | Source of classification or shelving scheme | Damaged status | Not for loan | Home library | Current library | Shelving location | Date acquired | Total Checkouts | Full call number | Barcode | Date last seen | Copy number | Price effective from | Koha item type |
|---|---|---|---|---|---|---|---|---|---|---|---|---|---|---|---|
| Dewey Decimal Classification | London | London | Journal article | 04/08/2006 | L134424 | 134424-1001 | 06/08/2019 | 1 | 06/08/2019 | Journal article |